000 00973nam a22002897a 4500
001 BR8400383
003 BR-BrBNA
005 20230928091843.0
007 ta
008 230509b bl.||||| |||| 00| 0 por d
040 _aBR-BrBNA
_bpor
_cBiblioteca Nacional de Agricultura
041 _a(Por)
072 _aF30
_b0120
090 _ 0120 BR8400383
100 1 _aCastro, E. da M. de
110 1 _aEscola Superior de Agricultura Luiz de Queiroz, Piracicaba, SP (Brasil)
_0Tese (Mestre em Agronomia)
245 1 _aCompeticao entre populacoes de milho normais e branquiticas [Zea mays]
246 1 _aCompetition between normal and brachytic populations of maize [Zea mays]
260 3 _aPiracicaba, SP (Brasil):
_c1983.
300 _a167 p.
500 _a15 tables; Bibliography p. 122-142 (135 ref.); Summaries (Eng, Por)
650 _aMILHO
650 _aCOMPETICAO DE VARIEDADE
650 _aVARIEDADE
909 _a202309
_bLucia
_c55
_dLucia Elande
942 _cBK
999 _c35896
_d35896